| 000 | 00745nam a2200241Ia 4500 | ||
|---|---|---|---|
| 003 | GCL | ||
| 008 | 140319s9999 xx 000 0 ara d | ||
| 040 |
_aGCL / _cGCL |
||
| 082 | 0 | 4 |
_a160 _bم م |
| 100 | 1 | _aمحمد عزيز نظمى سالم | |
| 245 | 1 | 0 |
_aالمنطق الحديث وفلسفة العلوم والمناهج / _cمحمد عزيز نظمى سالم |
| 260 |
_a[S.N] : _bمؤسسة شباب الجامعة ، _c1992 |
||
| 300 | _a207 ص | ||
| 490 | _a | ||
| 650 | 0 | 4 | _aالفلسفة |
| 650 | 0 | 4 | _aالمناهج |
| 650 | 0 | 4 | _aعلم النفس |
| 650 | 0 | 4 | _aالمنطق |
| 650 | 0 | 4 | _aالمنطق الاستقرائى |
| 650 | 0 | 4 | _aالمنطق الصورى |
| 650 | 0 | 4 | _aالافتراضات |
| 942 |
_2ddc _cBK |
||
| 999 |
_c32127 _d32127 |
||